000 00342nam a22001457a 4500
020 _a81-7826-156-1
082 _a823
_bPYL/1
245 _aTALES OF ROBIN HOOD
_bSHORT STORY
246 _aTALES OF ROBIN HOOD
_bSHORT STORY
250 _a2003
260 _aDELHI
_bROHAN BOOK COMPANY
_c2003
300 _a192
520 _aSHORT STORY
942 _cBK
999 _c312
_d312